000 03474nab a2200277 i 4500
003 BR-BrBNA
005 20250702131046.0
008 250702b2020 bl.tr|pooa||| 00| 0 por |
040 _aBR-BrBNA
_bpor
072 _aP40
100 _aAraújo, Carlos Eduardo Salles de
245 _aAnálise das flutuações do nível do mar no litoral de Santa Catarina
500 _a Publicação online; 13 ref.; 6 illus.; 4 tables; Summaries (En, Pt)
520 _a Resumo – As flutuações do nível do mar no litoral de Santa Catarina durante o outono de 2018 foram estudadas para se avaliar a contribuição dos fenômenos da maré meteorológica em relação às marés astronômicas previstas. As séries temporais das estações maregráficas oceânicas (Ilha da Paz, Balneário Camboriú, Imbituba e Balneário Rincão) foram consistidas, reamostradas para intervalos de 15 minutos e padronizadas pelo nível médio do mar. A maré meteorológica, avaliada para oscilações superiores ao período inercial da região, apresentou amplitudes de 30 a 40cm em relação ao nível médio no mar e ocorreu em períodos que variaram de 5 a 10 dias, correspondendo à escala de passagem dos sistemas atmosféricos frontais. Observou-se uma redução das amplitudes das marés astronômicas em direção ao sul do estado, de forma que a contribuição relativa das marés meteorológicas na variação do nível do mar ultrapassa 90% em casos extremos. Com base nestes resultados recomenda-se cautela no uso das tábuas de maré astronômica, especialmente para navegação costeira durante a entrada e a saída de embarcações em estuários, baías e enseadas. Termos de indexação: maré astronômica, maré meteorológica, navegação costeira
520 _a Abstract – Sea level fluctuations on the coast of Santa Catarina during the fall of 2018 were studied to evaluate the contribution of the meteorological tidal phenomenum in comparison with predicted astronomical tides. The time series of the open sea tidal stations (Ilha da Paz, Balneário Camboriú, Imbituba and Balneário Rincão) were quality controlled, interpolated at 15-minute intervals and standardized by mean sea level. The storm surge, evaluated in the inertial scale, presented amplitudes of 30 to 40cm in relation to the mean sea level and occurred in periods ranging from 5 to 10 days, corresponding to the temporal scale of the frontal atmospheric systems. There has been a reduction in the amplitude of astronomical tides towards the south of Santa Catarina, so that the relative contribution of the storm surges to sea level variation exceeds 90% in extreme cases. Based on these results, caution is advised in the use of astronomical tidal tables, especially for coastal navigation on inbound and outbound vessels in estuaries, bays and inlets. Index terms: astronomical tide, meteorological tide, coastal navigation
650 _aMAR
650 _aLITORAL
650 _aMETEOROLOGIA
650 _aMARÉ
650 _aNAVEGAÇÃO
650 _aSANTA CATARINA
773 0 _01813
_9317200
_dFlorianópolis-SC Empresa de Pesquisa Agropecuária e Extensão Rural de Santa Catarina 1988-
_o2024-3824
_tAgropecuária Catarinense (Brazil)
_x0103-0779
_gv. 33(1) p. 61-67; (2020)
_wBR2025004026
856 _uhttps://publicacoes.epagri.sc.gov.br/rac/article/view/535/680
942 _cANA
999 _c332363
_d332363